00744cam a2200241 450000100060000000300080000600500170001400800410003102000210007202000210009302000210011403500190013504000350015404100080018908200160019724500530021326000470026630000260031349000580033950000380039750400400043570000270047518371BD-RjUL20211209000257.0140220r19911989enk 000 0 eng d a0416476805 (hbk) a0415020701 (pbk) a0415027071 (pbk) a(BD-RjUL)18429 aBD-RjULbengcBD-RjULdBD-RjUL aeng a822.33bTRO10aTroilus and Cressida /cedited by Kenneth Palmer aLondon :bRoutledge,c1989 [reprined 1991] axiii, 337 p. ;c20 cm1 aThe Arden edition of the works of William Shakespeare aOriginally pub. by Methuen, 1982. aIncludes bibliography, pp. xi-xiii.1 aPalmer, Kenneth,cM.A.